Marketing Research (Record no. 380)

MARC details
005 - DATE AND TIME OF LATEST TRANSACTION
control field 20250311125254.0
020 ## - INTERNATIONAL STANDARD BOOK NUMBER
International Standard Book Number 978-81-203-0484-0
082 ## - DEWEY DECIMAL CLASSIFICATION NUMBER
Classification number 658.83 LUC
100 ## - MAIN ENTRY--PERSONAL NAME
Author name LUCK, D. J.
245 ## - TITLE STATEMENT
Title Marketing Research
250 ## - EDITION STATEMENT
Edition statement 7th Ed.
260 ## - PUBLICATION, DISTRIBUTION, ETC.
Place of publication, distribution, etc. New Delhi
Name of publisher, distributor, etc. Prentice - Hill
Date of publication, distribution, etc. 1987
300 ## - PHYSICAL DESCRIPTION
Extent xvii, 683p., table, figure, picture
Other physical details Index,
Dimensions 23cm.
700 ## - ADDED ENTRY--PERSONAL NAME
Other authors/Editors RUBIN, R. S.
942 ## - ADDED ENTRY ELEMENTS (KOHA)
Source of classification or shelving scheme Dewey Decimal Classification
Koha item type Books
Holdings
Date last seen Total checkouts Full call number Barcode Cost, replacement price Price effective from Koha item type Lost status Source of classification or shelving scheme Damaged status Not for loan Withdrawn status Home library Current library Shelving location Date acquired Cost, normal purchase price
03/11/2025   658.83 LUC 0000001432 150000.00 03/11/2025 Books   Dewey Decimal Classification       College of Business Education Main Library College of Business Education Main Library General Collection 03/11/2025 50000.00
03/11/2025   658.83 LUC 0000001433 150000.00 03/11/2025 Books   Dewey Decimal Classification       College of Business Education Main Library College of Business Education Main Library Special Reserve Collection 03/11/2025 50000.00